| 000 | 00329nam a22001217a 4500 | ||
|---|---|---|---|
| 040 | _cNust | ||
| 082 |
_a891.4391 _bINT |
||
| 100 |
_aM Ramzan Gohar _9123964 |
||
| 245 | _aIntikhab Kulliyat-E-Iqbal Persian | ||
| 260 |
_aLahore: _bM Aamir, M Qamar _c2001. |
||
| 650 |
_aIntikhab Kulliyat-E-Iqbal Persian _9123965 |
||
| 942 |
_2ddc _cFIC |
||
| 999 |
_c609958 _d609958 |
||